SCHOOL and society a sociological approach to education

Guardat en:
Dades bibliogràfiques
Format: Llibre
Idioma:anglès
Publicat: SAGE 2015
Etiquetes: Afegir etiqueta
Sense etiquetes, Sigues el primer a etiquetar aquest registre!

MARC

LEADER 00000nam a22000007a 4500
008 201217b ||||| |||| 00| 0 eng d
020 |a 978-1-4522-7583-3 
245 |a SCHOOL and society  |b a sociological approach to education  |c edited by Jeanne H. Ballantine, Joan Z. Spade  |g . xiii, 482p., ill. 
250 |b 5TH  |c Ballantine, Jeanne H. 
250 |c Spade, Joan Z. 
260 |b SAGE  |c 2015  |h Los Angeles  |i 692018  |i 692019  |l LC191 .Sch1  |m Educational sociology  |m School management and organization 
500 |a “It includes references”. 
942 |a lcc  |c BK  |e O.A.JOHNSON  |f 17/12/20 
952 |0 0  |1 0  |2 lcc  |4 0  |6 LC0191 S C H1  |7 0  |9 645  |a HOL  |b ED  |c LP  |d 2020-12-17  |l 0  |o LC191 .Sch1   |p 2020-22962  |r 2020-12-17 00:00:00  |w 2020-12-17  |y BK 
952 |0 0  |1 0  |2 lcc  |4 0  |6 LC0191 S C H1  |7 0  |9 647  |a HOL  |b HOL  |c LP  |d 2020-12-17  |l 0  |o LC191 .Sch1   |p 2020-22964  |r 2020-12-17 00:00:00  |w 2020-12-17  |y BK 
999 |c 359  |d 359